| 000 | 00445nam a2200169Ia 4500 | ||
|---|---|---|---|
| 008 | 230711s9999||||xx |||||||||||||| ||und|| | ||
| 020 | _a0-07-460307-8 | ||
| 041 | _aENG | ||
| 082 |
_a621.319 _bMA-P |
||
| 100 | _aRao,TS Madhava | ||
| 245 | 0 | _aPower system protection : static relays | |
| 250 | _a2nd . Ed. | ||
| 260 |
_c2009 _aNew Delhi _bTata McGraw Hill Education Limited |
||
| 300 | _a723 | ||
| 650 | _aElectrical Engineering | ||
| 942 | _cBK | ||
| 999 |
_c2776 _d2776 |
||